| 000 | 00963nam a22002417a 4500 | ||
|---|---|---|---|
| 999 |
_c18860 _d18860 |
||
| 003 | AR-CdUCM | ||
| 008 | 190515b ||||| |||| 00| 0 spa d | ||
| 040 |
_aMUNICIPALIDAD PROVINCIAL DEL CUSCO _cBIBLIOTECA MUNICIPAL DEL CUSCO |
||
| 082 |
_22ed. _a330 / _bSW98 |
||
| 100 |
_aSweezy, Paul M. _939730 |
||
| 245 | _aTeoría del desarrollo capitalista / | ||
| 260 |
_aMexico : _bFondo de cultura económica, _c1958 |
||
| 300 |
_a431 paginas ; _c21 cm. |
||
| 440 |
_aSección de obras de economía _96499 |
||
| 505 | _aContenido : El método de Marx -- El problema del valor cualitativo -- El problema del valor cuantitativo -- Plusvalía y capitalismo -- La acumulación y el ejercito de reserva... | ||
| 650 |
_aProceso de acumulación _939731 |
||
| 650 |
_aProceso capitalista _939732 |
||
| 650 |
_aMarx _94291 |
||
| 650 |
_aCrisis capitalista _939733 |
||
| 700 |
_aLaborde, Hernán (Traducción) _939734 |
||
| 942 |
_2ddc _cLIBROS |
||
| 945 |
_awnts _d2019-05-15 |
||